000 01332nam a2200361 c 4500
003 BLK
005 20220525132051.0
008 180408b bul|||||r ||||||| ||bul||
010 _aKNG00086583000
020 _a954-712-335-1
_bиздат.: Русенски унив. Ангел Кънчев
040 _aBLK
041 _aBUL
_cBUL
080 _aБългарски език
_b811.163.2
_x-56(075.8)
_z811.163.2-56(075.8)
100 1 _aПометкова, Яна Иванова
_eпърви автор
_9300365
139 _aПометкова, Яна Иванова
_bП 72
245 1 0 _aСъвременен български език. Синтаксис
_bУпражнения ; Тематичен справ.
_cЯна Иванова Пометкова.
257 _aBGR
260 Русе
_bРусенски унив. Ангел Кънчев
_c2006
300 _a196 с.
_c20 см
380 _a80
500 _aБиблиогр. с. 193
504 _a193
590 _aф
650 4 _aБългарски език - синтаксис
_9245189
653 _aбългарски език
653 _aсинтаксис
653 _aсловосъчетания
852 _aЦб 241980
856 4 _qpdf
_u
856 4 _qpdf
_u
942 _cKNG
_n0
_02
944 _aCR
_c19.11.2008
_kВаля_Йорданова
944 _aED
_c05.10.2009
_k
999 _c82063
_d82063